<?xml version="1.0" encoding="UTF-8"?>
<record
    xmlns:xsi="http://www.w3.org/2001/XMLSchema-instance"
    xsi:schemaLocation="http://www.loc.gov/MARC21/slim http://www.loc.gov/standards/marcxml/schema/MARC21slim.xsd"
    xmlns="http://www.loc.gov/MARC21/slim">

  <leader>00555nam a2200193Ia 4500</leader>
  <controlfield tag="001">14482</controlfield>
  <controlfield tag="008">140402s9999    xx            000 0 und d</controlfield>
  <datafield tag="020" ind1=" " ind2=" ">
    <subfield code="a">1-56205-406-6</subfield>
  </datafield>
  <datafield tag="040" ind1=" " ind2=" ">
    <subfield code="c">PK-LaUMT</subfield>
  </datafield>
  <datafield tag="082" ind1=" " ind2=" ">
    <subfield code="a"> 004.67</subfield>
    <subfield code="b">CHA-O</subfield>
  </datafield>
  <datafield tag="100" ind1=" " ind2=" ">
    <subfield code="a">Chambers, W. Craig</subfield>
  </datafield>
  <datafield tag="245" ind1=" " ind2=" ">
    <subfield code="a">OS/2 LAN server : Certification handbook</subfield>
    <subfield code="c">Chambers, W. Craig&lt;&gt;Fisher, Bill, J.A.; (Lovell, Charles), J.A.</subfield>
  </datafield>
  <datafield tag="260" ind1=" " ind2=" ">
    <subfield code="c">1995</subfield>
  </datafield>
  <datafield tag="300" ind1=" " ind2=" ">
    <subfield code="a">1500 p.</subfield>
  </datafield>
  <datafield tag="546" ind1=" " ind2=" ">
    <subfield code="a">EN</subfield>
  </datafield>
  <datafield tag="650" ind1=" " ind2=" ">
    <subfield code="a">LAn server (Computer file)</subfield>
  </datafield>
  <datafield tag="700" ind1=" " ind2=" ">
    <subfield code="a">Fisher, Bill, J.A.; (Lovell, Charles), J.A.</subfield>
  </datafield>
  <datafield tag="942" ind1=" " ind2=" ">
    <subfield code="c">BK</subfield>
  </datafield>
  <datafield tag="999" ind1=" " ind2=" ">
    <subfield code="c">15073</subfield>
    <subfield code="d">15073</subfield>
  </datafield>
  <datafield tag="952" ind1=" " ind2=" ">
    <subfield code="0">0</subfield>
    <subfield code="1">0</subfield>
    <subfield code="4">0</subfield>
    <subfield code="7">0</subfield>
    <subfield code="a">01</subfield>
    <subfield code="b">01</subfield>
    <subfield code="d">2014-04-02</subfield>
    <subfield code="l">0</subfield>
    <subfield code="o"> 004.67 CHA-O</subfield>
    <subfield code="p">16679</subfield>
    <subfield code="r">2014-04-21 00:00:00</subfield>
    <subfield code="w">2014-04-21</subfield>
    <subfield code="y">BK</subfield>
  </datafield>
</record>
